MARC details
| 000 -LEADER |
| fixed length control field |
01679nam a22003495i 4500 |
| 001 - CONTROL NUMBER |
| control field |
17944129 |
| 003 - CONTROL NUMBER IDENTIFIER |
| control field |
OSt |
| 005 - DATE AND TIME OF LATEST TRANSACTION |
| control field |
20230605105618.0 |
| 008 - FIXED-LENGTH DATA ELEMENTS--GENERAL INFORMATION |
| fixed length control field |
121005s2012 ne b 000 0 eng |
| 020 ## - INTERNATIONAL STANDARD BOOK NUMBER |
| International Standard Book Number |
9058508722 (pbk.) |
| 020 ## - INTERNATIONAL STANDARD BOOK NUMBER |
| International Standard Book Number |
9789058508720 |
| 035 ## - SYSTEM CONTROL NUMBER |
| System control number |
(cou)812251007 |
| 035 ## - SYSTEM CONTROL NUMBER |
| System control number |
(CaONFCNI)cou23424602 |
| 040 ## - CATALOGING SOURCE |
| Original cataloging agency |
DLC |
| Language of cataloging |
eng |
| Transcribing agency |
DLC |
| Description conventions |
rda |
| 042 ## - AUTHENTICATION CODE |
| Authentication code |
pcc |
| 082 ## - DEWEY DECIMAL CLASSIFICATION NUMBER |
| Classification number |
328.373 |
| Item number |
JAJ |
| 100 1# - MAIN ENTRY--PERSONAL NAME |
| Personal name |
Jaja, Tonye Clinton. |
| 245 10 - TITLE STATEMENT |
| Title |
Legislative drafting : |
| Remainder of title |
an introduction to theories and principles / |
| Statement of responsibility, etc. |
Tonye Clinton Jaja. |
| 264 #1 - PRODUCTION, PUBLICATION, DISTRIBUTION, MANUFACTURE, AND COPYRIGHT NOTICE |
| Place of production, publication, distribution, manufacture |
Oisterwijk : |
| Name of producer, publisher, distributor, manufacturer |
Wolf Legal Publishers, |
| Date of production, publication, distribution, manufacture, or copyright notice |
2012. |
| 300 ## - PHYSICAL DESCRIPTION |
| Extent |
xii, 256 pages ; |
| Dimensions |
24 cm |
| 336 ## - CONTENT TYPE |
| Content type term |
text |
| Source |
rdacontent |
| 337 ## - MEDIA TYPE |
| Media type term |
unmediated |
| Source |
rdamedia |
| 338 ## - CARRIER TYPE |
| Carrier type term |
volume |
| Source |
rdacarrier |
| 505 00 - FORMATTED CONTENTS NOTE |
| Title |
Drafting and legal basis for regulatory framework for effectiveness of legislation in Nigeria & definition of terminology -- |
| -- |
Towards a regulatory framework for definition of "effectiveness" in drafting legislation in Nigeria -- |
| -- |
Promoting effectiveness through a regulatory framework for drafting instructions and instructions -- |
| -- |
Regulatory framework for efficiency in allocation of responsibilities among drafting institutions in Nigeria and legislative programme -- |
| -- |
Regulatory framework for improvement of effectiveness in setting law drafting standards for pre-legislative scrutiny of legislation -- |
| -- |
Teaching legislative drafting : the necessity for clinical legal education. |
| 650 #0 - SUBJECT ADDED ENTRY--TOPICAL TERM |
| Topical term or geographic name as entry element |
Bill drafting. |
| 650 #0 - SUBJECT ADDED ENTRY--TOPICAL TERM |
| Topical term or geographic name as entry element |
Legislation. |
| 650 #0 - SUBJECT ADDED ENTRY--TOPICAL TERM |
| Topical term or geographic name as entry element |
Bill drafting |
| Geographic subdivision |
Nigeria. |
| 650 #0 - SUBJECT ADDED ENTRY--TOPICAL TERM |
| Topical term or geographic name as entry element |
Legislation |
| Geographic subdivision |
Nigeria. |
| 906 ## - LOCAL DATA ELEMENT F, LDF (RLIN) |
| a |
0 |
| b |
ibc |
| c |
origres |
| d |
u |
| e |
ncip |
| f |
20 |
| g |
y-gencatlg |
| 942 ## - ADDED ENTRY ELEMENTS (KOHA) |
| Source of classification or shelving scheme |
Dewey Decimal Classification |
| Koha item type |
Books |